[Event "Cheliabinsk Shusharin Memorial Rapid"]
[Site "Cheliabinsk"]
[Date "2023.11.15"]
[Round "3"]
[White "Gitelson, Arkady"]
[Black "Iljiushenok, Ilia"]
[Result "0-1"]
[WhiteElo "2241"]
[BlackElo "2547"]
[PlyCount "100"]
[EventDate "2023.11.15"]
[EventType "swiss (rapid)"]
[EventRounds "11"]
[EventCountry "RUS"]
[SourceTitle "CB47_2023"]
[SourceDate "2023.11.22"]
[SourceVersion "1"]
[SourceVersionDate "2023.11.22"]
[SourceQuality "1"]

1. Nf3 d5 2. g3 c5 3. Bg2 g6 4. 0-0 Bg7 5. d4 cxd4 6. Nxd4 Nf6 7. c4 0-0 8. cxd5 Nxd5 9. Nb5 a6 10. Bxd5 axb5 11. Qb3 Nc6 12. e3 Bg4 13. Nc3 b4 14. Bxc6 bxc3 15. Bg2 Rc8 16. bxc3 Be2 17. Re1 Bxc3 18. Rxe2 Bxa1 19. Ba3 Rc3 20. Qb1 Rxa3 21. Qxa1 b6 22. h4 Qd6 23. Qb2 Rd3 24. Rc2 Rd8 25. Bf3 Qf6 26. Qxf6 exf6 27. Rc7 Rd2 28. Rb7 R8d6 29. a3 Ra2 30. Ra7 h5 31. g4 hxg4 32. Bxg4 f5 33. Bf3 Kg7 34. h5 g5 35. Kg2 g4 36. h6+ Kxh6 37. Ba8 Kg6 38. Kg3 b5 39. Ra5 b4 40. axb4 Rxa5 41. bxa5 Ra6 42. Bg2 Rxa5 43. f3 Kg5 44. f4+ Kf6 45. e4 fxe4 46. Bxe4 Ke6 47. f5+ Ke5 48. Bc2 Ra2 49. Bd1 Kxf5 50. Bxg4+ Kg5 0-1

[Event "Chigorin Memorial 30th"]
[Site "St Petersburg"]
[Date "2023.10.28"]
[Round "8"]
[White "Zakhartsov, Vladimir"]
[Black "Gitelson, Arkady"]
[Result "1-0"]
[WhiteElo "2523"]
[BlackElo "2224"]
[PlyCount "55"]
[EventDate "2023.10.21"]
[EventType "swiss"]
[EventRounds "9"]
[EventCountry "RUS"]
[SourceTitle "Mega2024 Update 01"]
[Source "Chessbase"]
[SourceDate "2023.11.12"]
[SourceVersion "1"]
[SourceVersionDate "2023.11.12"]
[SourceQuality "1"]

1. d4 Nf6 2. c4 c5 3. d5 b5 4. cxb5 a6 5. e3 axb5 6. Bxb5 Qa5+ 7. Nc3 Bb7 8. Bd2 Qb6 9. a4 Nxd5 10. Nf3 e6 11. e4 Nb4 12. 0-0 Be7 13. Bf4 0-0 14. Ne5 Qd8 15. Qg4 N4c6 16. Rad1 Nd4 17. Rd3 Bf6 18. Nc4 Nxb5 19. axb5 Bxc3 20. Rxc3 Bxe4 21. Nd6 Bg6 22. Rfc1 Ra4 23. Qg3 Qb6 24. Be3 Qa5 25. Bxc5 h5 26. b4 Qa8 27. Nc4 Ra1 28. Bxf8 1-0

[Event "Sochi Pearl Blitz op"]
[Site "Sochi"]
[Date "2023.10.12"]
[Round "13"]
[White "Gitelson, Arkady"]
[Black "Romanov, Nikita M"]
[Result "0-1"]
[WhiteElo "2224"]
[BlackElo "2149"]
[PlyCount "80"]
[EventDate "2023.10.12"]
[EventType "swiss (blitz)"]
[EventRounds "13"]
[EventCountry "RUS"]
[SourceTitle "Mega2024 Update 01"]
[Source "Chessbase"]
[SourceDate "2023.11.12"]
[SourceVersion "1"]
[SourceVersionDate "2023.11.12"]
[SourceQuality "1"]

1. e4 c5 2. Nf3 Nc6 3. Bb5 g6 4. 0-0 Bg7 5. Re1 e5 6. Bxc6 dxc6 7. a4 Qe7 8. a5 Nf6 9. d3 0-0 10. h3 h6 11. b3 Rb8 12. Bb2 Nh5 13. Nbd2 Nf4 14. Nc4 f6 15. Qd2 g5 16. Qc3 Be6 17. Ba3 b6 18. axb6 axb6 19. Ne3 Qd7 20. Nh2 Ra8 21. Nhf1 Kh7 22. Ng3 Ra7 23. Ngf5 Rfa8 24. Bb2 Rxa1 25. Bxa1 Bf8 26. Kh2 Ng6 27. Ng4 Bg7 28. Nxg7 Kxg7 29. Ne3 h5 30. Qb2 g4 31. Rg1 gxh3 32. gxh3 Bxh3 33. c3 Kh7 34. d4 Rg8 35. dxc5 bxc5 36. Qa3 Be6 37. Qxc5 Bxb3 38. c4 Nf4 39. Rxg8 Qh3+ 40. Kg1 Ne2# 0-1

[Event "Sochi Pearl Rapid op"]
[Site "Sochi"]
[Date "2023.10.11"]
[Round "9"]
[White "Zakaryan, David"]
[Black "Gitelson, Arkady"]
[Result "1-0"]
[WhiteElo "2307"]
[BlackElo "2224"]
[PlyCount "41"]
[EventDate "2023.10.09"]
[EventType "swiss (rapid)"]
[EventRounds "11"]
[EventCountry "RUS"]
[SourceTitle "Mega2024 Update 01"]
[Source "Chessbase"]
[SourceDate "2023.11.12"]
[SourceVersion "1"]
[SourceVersionDate "2023.11.12"]
[SourceQuality "1"]

1. e4 e5 2. Nf3 Nc6 3. Bb5 a6 4. Ba4 d6 5. c3 f5 6. d4 fxe4 7. Nxe5 Nge7 8. Nxc6 bxc6 9. f3 e3 10. 0-0 Bd7 11. Bxe3 Nf5 12. Re1 Nxe3 13. Rxe3+ Be7 14. Qe2 Kf8 15. Nd2 d5 16. Re1 Bd6 17. f4 h5 18. g3 h4 19. Nf3 hxg3 20. hxg3 Bg4 21. Bxc6 1-0

[Event "Cheliabinsk Panchenko Memorial op-A"]
[Site "Cheliabinsk"]
[Date "2023.09.15"]
[Round "5"]
[White "Gitelson, Arkady"]
[Black "Danilenko, Denis O"]
[Result "1-0"]
[WhiteElo "2207"]
[BlackElo "2057"]
[PlyCount "61"]
[EventDate "2023.09.11"]
[EventType "swiss"]
[EventRounds "10"]
[EventCountry "RUS"]
[SourceTitle "EXT 2024"]
[Source "ChessBase"]
[SourceDate "2023.10.10"]
[SourceVersion "1"]
[SourceVersionDate "2023.10.10"]
[SourceQuality "1"]

1. d4 Nf6 2. Bg5 d5 3. Bxf6 gxf6 4. e3 c5 5. dxc5 Qa5+ 6. Nc3 e6 7. Qd4 Be7 8. b4 Qd8 9. a3 Bd7 10. Nf3 a5 11. Rb1 b6 12. Nb5 Nc6 13. Qc3 Rc8 14. e4 axb4 15. axb4 d4 16. Nfxd4 Nxd4 17. Qxd4 bxc5 18. Nd6+ Kf8 19. Qd2 Rb8 20. Rb3 h6 21. bxc5 Ra8 22. Be2 Ra1+ 23. Bd1 Bc6 24. 0-0 Bxd6 25. cxd6 Bxe4 26. Qd4 Qa8 27. Qxf6 Rg8 28. Rg3 Rxg3 29. hxg3 Kg8 30. d7 Bxg2 31. d8Q+ 1-0

[Event "St Petersburg Rapid 2023"]
[Site "St Petersburg"]
[Date "2023.08.26"]
[Round "4"]
[White "Gitelson, Arkady"]
[Black "Grebnev, Aleksey"]
[Result "0-1"]
[WhiteElo "2207"]
[BlackElo "2484"]
[PlyCount "88"]
[EventDate "2023.08.26"]
[EventType "swiss (rapid)"]
[EventRounds "11"]
[EventCountry "RUS"]
[SourceTitle "EXT 2024"]
[Source "ChessBase"]
[SourceDate "2023.10.10"]
[SourceVersion "1"]
[SourceVersionDate "2023.10.10"]
[SourceQuality "1"]

1. e4 c5 2. Nf3 Nc6 3. Bb5 e5 4. 0-0 Bd6 5. c3 a6 6. Ba4 b5 7. Bc2 Nge7 8. d3 Bc7 9. Be3 d6 10. d4 cxd4 11. cxd4 Bg4 12. dxe5 dxe5 13. Nbd2 0-0 14. h3 Bh5 15. Rc1 Bb6 16. Bxb6 Qxb6 17. g4 Bg6 18. Nb3 a5 19. Bb1 Rfd8 20. Qe2 f6 21. Qe3 Qxe3 22. fxe3 Bf7 23. Nc5 a4 24. g5 a3 25. b3 Nb4 26. gxf6 gxf6 27. Nh2 Kg7 28. Ng4 Rd6 29. Nb7 Rd7 30. Nc5 Rd6 31. Nb7 Rd7 32. Nc5 Rd2 33. Rxf6 Nxa2 34. Rcf1 Bg8 35. Nxe5 Nc3 36. Ne6+ Bxe6 37. Rxe6 Ng6 38. Rf7+ Kg8 39. Rc7 a2 40. Bxa2 Raxa2 41. Re8+ Nf8 42. Rf7 Rd1+ 43. Rf1 Ne2+ 44. Kf2 Nf4+ 0-1

[Event "St Petersburg Blitz 2023"]
[Site "St Petersburg"]
[Date "2023.08.25"]
[Round "5"]
[White "Gitelson, Arkady"]
[Black "Isanzhulov, Arystan"]
[Result "1-0"]
[WhiteElo "2207"]
[BlackElo "2445"]
[PlyCount "36"]
[EventDate "2023.08.25"]
[EventType "game (blitz)"]
[EventRounds "11"]
[EventCountry "RUS"]
[SourceTitle "EXT 2024"]
[Source "ChessBase"]
[SourceDate "2023.10.10"]
[SourceVersion "1"]
[SourceVersionDate "2023.10.10"]
[SourceQuality "1"]

1. e4 c5 2. Nf3 Nc6 3. Bb5 g6 4. 0-0 Bg7 5. Re1 a6 6. Bf1 d6 7. h3 Nf6 8. c3 0-0 9. d4 cxd4 10. cxd4 b5 11. a3 Bb7 12. Nc3 Na5 13. Bg5 h6 14. Bh4 e6 15. b4 Rc8 16. Nb1 Nc4 17. Bxc4 Rxc4 18. Nbd2 g5 1-0

[Event "Novorossiysk Small Land Blitz op"]
[Site "Novorossiysk"]
[Date "2023.07.29"]
[Round "5"]
[White "Demidov, Mikhail"]
[Black "Gitelson, Arkady"]
[Result "1-0"]
[WhiteElo "2587"]
[BlackElo "2187"]
[PlyCount "53"]
[EventDate "2023.07.29"]
[EventType "swiss (blitz)"]
[EventRounds "13"]
[EventCountry "RUS"]
[SourceTitle "CBM 215 Extra"]
[Source "ChessBase"]
[SourceDate "2023.09.30"]
[SourceVersion "1"]
[SourceVersionDate "2023.09.30"]
[SourceQuality "1"]

1. Nf3 Nf6 2. g3 d5 3. Bg2 e6 4. 0-0 Be7 5. b3 0-0 6. Bb2 b6 7. c4 Bb7 8. e3 c5 9. Qe2 Nc6 10. Rd1 Qc7 11. Nc3 a6 12. cxd5 Nxd5 13. Nxd5 exd5 14. d4 Rad8 15. Rac1 Rfe8 16. h4 h6 17. Qc2 Qb8 18. Qb1 Bf8 19. Rd2 Rc8 20. dxc5 bxc5 21. Ba3 d4 22. exd4 cxd4 23. Bxf8 Kxf8 24. Qh7 f6 25. Rcd1 Kf7 26. Nxd4 Ne5 27. Nf5 1-0

[Event "Novorossiysk Small Land Rapid op"]
[Site "Novorossiysk"]
[Date "2023.07.28"]
[Round "9"]
[White "Gitelson, Arkady"]
[Black "Anisimov, Nikolay M"]
[Result "1-0"]
[WhiteElo "2187"]
[BlackElo "1840"]
[PlyCount "35"]
[EventDate "2023.07.26"]
[EventType "swiss (rapid)"]
[EventRounds "11"]
[EventCountry "RUS"]
[SourceTitle "CBM 215 Extra"]
[Source "ChessBase"]
[SourceDate "2023.09.30"]
[SourceVersion "1"]
[SourceVersionDate "2023.09.30"]
[SourceQuality "1"]

1. Nf3 g6 2. e4 Bg7 3. d4 d6 4. Bc4 e6 5. Qe2 c6 6. d5 exd5 7. exd5+ Qe7 8. dxc6 Qxe2+ 9. Bxe2 bxc6 10. 0-0 Ne7 11. Rd1 d5 12. c4 Ba6 13. Na3 Nd7 14. Bf1 Nc5 15. Re1 Ne6 16. cxd5 Bxf1 17. dxe6 fxe6 18. Kxf1 1-0

[Event "Novorossiysk Small Land op"]
[Site "Novorossiysk"]
[Date "2023.07.22"]
[Round "6"]
[White "Karavaev, Aleksandr"]
[Black "Gitelson, Arkady"]
[Result "1/2-1/2"]
[WhiteElo "1856"]
[BlackElo "2187"]
[PlyCount "74"]
[EventDate "2023.07.17"]
[EventType "swiss"]
[EventRounds "9"]
[EventCountry "RUS"]
[SourceTitle "CBM 215 Extra"]
[Source "ChessBase"]
[SourceDate "2023.09.30"]
[SourceVersion "1"]
[SourceVersionDate "2023.09.30"]
[SourceQuality "1"]

1. b4 e5 2. Bb2 d6 3. c4 f5 4. e3 Nf6 5. d4 e4 6. Nc3 Nbd7 7. Be2 d5 8. c5 Be7 9. Nh3 Nf8 10. Nf4 Ne6 11. Qa4+ c6 12. Nxe6 Bxe6 13. 0-0-0 0-0 14. h3 Qc7 15. g3 b6 16. Qc2 a5 17. a3 Nd7 18. Kd2 Bg5 19. h4 Bh6 20. Rdg1 axb4 21. axb4 bxc5 22. bxc5 Nxc5 23. Nxd5 cxd5 24. dxc5 Ra2 25. Rb1 Rb8 26. Rhc1 g6 27. Kd1 Bg7 28. Be5 Rxc2 29. Rxb8+ Qxb8 30. Bxb8 Rxc1+ 31. Kxc1 d4 32. Bb5 d3 33. Kd2 Bb2 34. c6 Ba3 35. Be5 Bb4+ 36. Bc3 Bd6 37. Ba5 Bc8 1/2-1/2

[Event "Novorossiysk Small Land op"]
[Site "Novorossiysk"]
[Date "2023.07.21"]
[Round "5"]
[White "Afanasiev, Nikita"]
[Black "Gitelson, Arkady"]
[Result "1/2-1/2"]
[WhiteElo "2543"]
[BlackElo "2187"]
[PlyCount "223"]
[EventDate "2023.07.17"]
[EventType "swiss"]
[EventRounds "9"]
[EventCountry "RUS"]
[SourceTitle "CBM 215 Extra"]
[Source "ChessBase"]
[SourceDate "2023.09.30"]
[SourceVersion "1"]
[SourceVersionDate "2023.09.30"]
[SourceQuality "1"]

1. Nf3 d5 2. g3 Nf6 3. Bg2 e6 4. 0-0 Be7 5. c4 0-0 6. b3 d4 7. e3 c5 8. exd4 cxd4 9. Re1 Nc6 10. d3 Nd7 11. Na3 e5 12. Nc2 f6 13. a3 a5 14. Rb1 Nc5 15. b4 axb4 16. axb4 Na4 17. Bd2 Bf5 18. Rb3 g5 19. h4 h6 20. Nh2 Qd7 21. Bd5+ Kg7 22. Qf3 Nb6 23. hxg5 hxg5 24. g4 Bg6 25. Be4 Bxe4 26. Qxe4 Ra2 27. Rc1 Nd8 28. Ra3 Rxa3 29. Nxa3 Qc6 30. Qf5 Nf7 31. c5 Nd5 32. Nc4 Ra8 33. Qe4 Ra2 34. Nf1 Nf4 35. Qxc6 Ne2+ 36. Kg2 bxc6 37. Rb1 Nd8 38. Ng3 Nc3 39. Nf5+ Kf8 40. Rh1 Nf7 41. Bxc3 dxc3 42. Nfe3 Ra4 43. Rb1 Nd8 44. Rb3 Ne6 45. Nb6 Ra2 46. Rxc3 Nf4+ 47. Kf3 Rb2 48. Nd7+ Ke8 49. Nb8 Ne2 50. Rc4 Nd4+ 51. Kg2 Kd8 52. Rxd4+ exd4 53. Nc4 Rb3 54. Nxc6+ Kd7 55. Nxd4 Rxb4 56. Nc2 Rb3 57. d4 Rc3 58. N4e3 Bd8 59. Kf3 Be7 60. Ke4 Bxc5 61. dxc5 Rxc5 62. Nd4 Ke7 63. f3 Kf7 64. Nf1 Re5+ 65. Kd3 Re1 66. Ne3 Kg6 67. Ke4 Kf7 68. Ndc2 Rb1 69. Nd5 Kg6 70. Nce3 Re1 71. Nc3 Kf7 72. Nb5 Kg6 73. Nd6 Re2 74. Ndf5 Kf7 75. Kd5 Rf2 76. Nd4 Ra2 77. Nc4 Kg6 78. Nd6 Rd2 79. N6f5 Kf7 80. Kd6 Rd3 81. Kc7 Rc3+ 82. Kd6 Rd3 83. Kd5 Rd1 84. Ne3 Rd2 85. Nc4 Rd1 86. Ke4 Kg6 87. Nb6 Re1+ 88. Kd5 Re3 89. Nd7 Kf7 90. Nc5 Kg6 91. Kd6 Kf7 92. Ne4 Rd3 93. Kd5 Kg6 94. Nd6 Rd1 95. Ke4 Re1+ 96. Kd3 Rd1+ 97. Ke3 Re1+ 98. Kd2 Ra1 99. Ne4 Ra3 100. Ke2 Ra2+ 101. Ke3 Ra3+ 102. Kf2 Ra2+ 103. Kg3 Ra1 104. Nf5 Rg1+ 105. Kf2 Rd1 106. Ke3 Kf7 107. Ke2 Ra1 108. Nfd6+ Ke7 109. Nc4 Kf7 110. Ng3 Kg6 111. Nf5 Ra2+ 112. Kd3 1/2-1/2

[Event "Novorossiysk Small Land op"]
[Site "Novorossiysk"]
[Date "2023.07.20"]
[Round "4"]
[White "Gitelson, Arkady"]
[Black "Saidov, Bilukhadzh"]
[Result "1-0"]
[WhiteElo "2187"]
[BlackElo "2318"]
[PlyCount "115"]
[EventDate "2023.07.17"]
[EventType "swiss"]
[EventRounds "9"]
[EventCountry "RUS"]
[SourceTitle "CBM 215 Extra"]
[Source "ChessBase"]
[SourceDate "2023.09.30"]
[SourceVersion "1"]
[SourceVersionDate "2023.09.30"]
[SourceQuality "1"]

1. e4 c5 2. Nf3 e6 3. g3 Nc6 4. Bg2 Nf6 5. d3 d5 6. Qe2 Be7 7. e5 Nd7 8. c4 0-0 9. 0-0 Nb6 10. Bf4 Bd7 11. h4 Rc8 12. Nbd2 Qc7 13. Rfd1 Rfd8 14. Nf1 Be8 15. N1h2 dxc4 16. dxc4 Na4 17. Ng4 Qb6 18. Rab1 Rxd1+ 19. Qxd1 Nb4 20. Nd2 Bc6 21. Ne4 Rd8 22. Nh6+ Kf8 23. Qh5 g6 24. Qg4 Bxe4 25. Bxe4 Qc7 26. Qf3 Nc6 27. Ng4 Nd4 28. Bh6+ Kg8 29. Qa3 Nb6 30. Qxa7 Nc6 31. Qa3 Nxc4 32. Qc3 Rd4 33. Re1 b5 34. b3 b4 35. Qc1 Nb6 36. Bf3 Nd5 37. h5 Qd8 38. hxg6 fxg6 39. Be3 Nxe3 40. fxe3 Rxg4 41. Bxg4 Nxe5 42. Bxe6+ Kg7 43. Rd1 Qa8 44. Qb2 Bf6 45. Qg2 Qa6 46. Bh3 h5 47. g4 hxg4 48. Bxg4 c4 49. Be2 Qb6 50. Bxc4 Qxe3+ 51. Qf2 Qg5+ 52. Qg2 Qe3+ 53. Qf2 Qh3 54. Rf1 Ng4 55. Qf4 Kh7 56. Rd1 Ne3 57. Rd2 Kg7 58. Qc7+ 1-0

[Event "Novorossiysk Small Land op"]
[Site "Novorossiysk"]
[Date "2023.07.19"]
[Round "3"]
[White "Polkovnikyan, Artem"]
[Black "Gitelson, Arkady"]
[Result "0-1"]
[WhiteElo "1760"]
[BlackElo "2187"]
[PlyCount "130"]
[EventDate "2023.07.17"]
[EventType "swiss"]
[EventRounds "9"]
[EventCountry "RUS"]
[SourceTitle "CBM 215 Extra"]
[Source "ChessBase"]
[SourceDate "2023.09.30"]
[SourceVersion "1"]
[SourceVersionDate "2023.09.30"]
[SourceQuality "1"]

1. e4 e5 2. Nf3 Nc6 3. Nc3 Nf6 4. d4 Bb4 5. d5 Ne7 6. Nxe5 d6 7. Bb5+ Kf8 8. Nf3 Nxe4 9. Bd2 Nxd2 10. Qxd2 c6 11. dxc6 bxc6 12. Be2 Qa5 13. 0-0 d5 14. Nd4 Bd7 15. Rfe1 Re8 16. Bf3 Ng6 17. Nb3 Qb6 18. Rxe8+ Kxe8 19. h3 Kd8 20. a3 Bd6 21. Na4 Qb5 22. Nc3 Qb8 23. Na4 Re8 24. Nbc5 Bxc5 25. Nxc5 Qxb2 26. Rd1 Be6 27. Qa5+ Qb6 28. Qc3 f6 29. Rd4 Bc8 30. Rb4 Qc7 31. Bg4 Bxg4 32. Rb7 Nf4 33. Qb4 Ne2+ 34. Kh1 Qf4 35. Qxf4 Nxf4 36. hxg4 Re7 37. Rb8+ Kc7 38. Na6+ Kd6 39. g3 Ne6 40. c3 c5 41. f4 Kc6 42. Kg2 d4 43. c4 d3 44. Rb3 d2 45. Rd3 Kb7 46. Rd6 d1Q 47. Nxc5+ Nxc5 48. Rxd1 Re3 49. a4 a5 50. Rd5 Kc6 51. g5 fxg5 52. Rxg5 g6 53. g4 Re4 54. f5 gxf5 55. gxf5 Rxc4 56. Kf3 Rxa4 57. f6 Ne6 58. Rh5 Rf4+ 59. Kg3 a4 60. Ra5 Kb6 61. Ra8 Kb5 62. Rb8+ Kc5 63. Rc8+ Kb4 64. Rh8 Rxf6 65. Rxh7 Nc5 0-1

[Event "Novorossiysk Small Land op"]
[Site "Novorossiysk"]
[Date "2023.07.17"]
[Round "1"]
[White "Karulin, Nikita"]
[Black "Gitelson, Arkady"]
[Result "0-1"]
[WhiteElo "1564"]
[BlackElo "2187"]
[PlyCount "64"]
[EventDate "2023.07.17"]
[EventType "swiss"]
[EventRounds "9"]
[EventCountry "RUS"]
[SourceTitle "CBM 215 Extra"]
[Source "ChessBase"]
[SourceDate "2023.09.30"]
[SourceVersion "1"]
[SourceVersionDate "2023.09.30"]
[SourceQuality "1"]

1. d4 Nf6 2. Nc3 d5 3. Bf4 g6 4. Qd2 h6 5. h4 Bg7 6. f3 Nh5 7. e3 Nxf4 8. exf4 h5 9. 0-0-0 a6 10. Kb1 e6 11. Nge2 Nd7 12. Qe3 Qe7 13. g3 b6 14. Nc1 c5 15. N3e2 c4 16. Bh3 b5 17. Rhe1 Nb6 18. f5 exf5 19. Nf4 Qxe3 20. Rxe3+ Kd8 21. Nce2 b4 22. c3 a5 23. Re1 Ra7 24. Kc2 Bd7 25. Bg2 Rb7 26. Rb1 Bc6 27. Ng1 Kd7 28. Ngh3 Na4 29. Ng5 bxc3 30. b3 Bxd4 31. Re2 Nb2 32. Rbe1 Kd6 0-1

[Event "Gelendzhik Rapid op"]
[Site "Gelendzhik"]
[Date "2023.05.29"]
[Round "11"]
[White "Zakaryan, David"]
[Black "Gitelson, Arkady"]
[Result "1-0"]
[WhiteElo "2325"]
[BlackElo "2239"]
[PlyCount "113"]
[EventDate "2023.05.27"]
[EventType "swiss (rapid)"]
[EventRounds "11"]
[EventCountry "RUS"]
[SourceTitle "CBM 214 Extra"]
[Source "ChessBase"]
[SourceDate "2023.07.31"]
[SourceVersion "1"]
[SourceVersionDate "2023.07.31"]
[SourceQuality "1"]

1. e4 c5 2. Nf3 Nc6 3. d4 cxd4 4. Nxd4 e5 5. Nb5 d6 6. a4 Be7 7. N1c3 a6 8. Na3 Nf6 9. Bg5 Nxe4 10. Nxe4 Bxg5 11. Nxd6+ Ke7 12. Nac4 Be6 13. Qf3 Qc7 14. Qa3 Kf8 15. Nb5+ Qe7 16. Nc7 Rd8 17. Nxe6+ fxe6 18. Bd3 Nb4 19. 0-0 Bf6 20. Rfd1 Rd4 21. Ne3 e4 22. Bc4 Nc6 23. Qa2 g6 24. c3 Rxd1+ 25. Rxd1 Kf7 26. Qb1 Rd8 27. Rxd8 Qxd8 28. Qxe4 Qd7 29. f4 Nd8 30. Bd3 Qc7 31. Kf1 Qb6 32. Nc4 Qc5 33. g4 Nc6 34. g5 Bg7 35. b4 Qd5 36. b5 axb5 37. axb5 Nd8 38. Ne5+ Ke7 39. c4 Qxe4 40. Bxe4 Kd6 41. Nd3 b6 42. h4 e5 43. f5 gxf5 44. Bxf5 h6 45. g6 Nb7 46. Ke2 Na5 47. Nb2 e4 48. Na4 Nxc4 49. Bxe4 Ke5 50. Bd3 Nd6 51. Nxb6 Kf6 52. Nd7+ Ke6 53. Nc5+ Kd5 54. Nd7 Ke6 55. Nb6 Kf6 56. Ke3 Nxb5 57. Nd7+ 1-0

[Event "Gelendzhik Rapid op"]
[Site "Gelendzhik"]
[Date "2023.05.28"]
[Round "4"]
[White "Gitelson, Arkady"]
[Black "Nesterov, Arseniy"]
[Result "0-1"]
[WhiteElo "2239"]
[BlackElo "2568"]
[PlyCount "82"]
[EventDate "2023.05.27"]
[EventType "swiss (rapid)"]
[EventRounds "11"]
[EventCountry "RUS"]
[SourceTitle "CBM 214 Extra"]
[Source "ChessBase"]
[SourceDate "2023.07.31"]
[SourceVersion "1"]
[SourceVersionDate "2023.07.31"]
[SourceQuality "1"]

1. e4 c6 2. d4 d5 3. exd5 cxd5 4. Bd3 Nc6 5. c3 Qc7 6. h3 e6 7. Nf3 Bd6 8. 0-0 Nge7 9. b3 0-0 10. Na3 a6 11. Re1 Ng6 12. Nc2 e5 13. dxe5 Ncxe5 14. Bb2 Nxd3 15. Qxd3 Nf4 16. Qd2 Bf5 17. Nh4 Be4 18. f3 Bxc2 19. Qxc2 Bc5+ 20. Kh1 Nxh3 21. gxh3 Qg3 22. Qg2 Qxh4 23. c4 f6 24. cxd5 Rfe8 25. Re4 Rxe4 26. fxe4 Re8 27. e5 fxe5 28. d6 Bd4 29. Rc1 Bxb2 30. Rc7 e4 31. Qxb2 Qxh3+ 32. Kg1 Qg4+ 33. Kh1 Rf8 34. Qc1 Qh3+ 35. Kg1 Qg3+ 36. Kh1 Qxd6 37. Qc4+ Kh8 38. Rc8 Qd1+ 39. Kh2 Qh5+ 40. Kg3 Qg5+ 41. Kh2 Qh4+ 0-1

[Event "Gelendzhik Rapid op"]
[Site "Gelendzhik"]
[Date "2023.05.28"]
[Round "5"]
[White "Khantuev, Adam"]
[Black "Gitelson, Arkady"]
[Result "0-1"]
[WhiteElo "1671"]
[BlackElo "2239"]
[PlyCount "104"]
[EventDate "2023.05.27"]
[EventType "swiss (rapid)"]
[EventRounds "11"]
[EventCountry "RUS"]
[SourceTitle "CBM 214 Extra"]
[Source "ChessBase"]
[SourceDate "2023.07.31"]
[SourceVersion "1"]
[SourceVersionDate "2023.07.31"]
[SourceQuality "1"]

1. d4 Nf6 2. c4 e6 3. Nf3 Bb4+ 4. Bd2 c5 5. Bxb4 cxb4 6. Qb3 a5 7. a3 Na6 8. g3 0-0 9. Bg2 d6 10. 0-0 Bd7 11. Ne1 Qc7 12. Nd3 a4 13. Qc2 b3 14. Qc3 Rac8 15. Nd2 b5 16. Rac1 bxc4 17. Nxc4 Bb5 18. Ne3 Qxc3 19. Rxc3 Rxc3 20. bxc3 d5 21. Rc1 Rc8 22. Nd1 Ne4 23. Bxe4 dxe4 24. N3b2 Bxe2 25. Nxa4 Bxd1 26. Rxd1 Rc4 27. Nc5 Nxc5 28. dxc5 f5 29. Rb1 Rxc3 30. c6 Kf7 31. c7 Rxc7 32. Rxb3 g5 33. Kf1 Kf6 34. Ke2 Rc5 35. h3 Ke5 36. a4 Rc2+ 37. Ke1 Ra2 38. Rb5+ Kd4 39. a5 f4 40. gxf4 gxf4 41. Kf1 e5 42. Rb4+ Kd3 43. Rb5 f3 44. Kg1 Ra1+ 45. Kh2 Rf1 46. Rxe5 Rxf2+ 47. Kg1 Ra2 48. Rb5 Ra1+ 49. Kf2 e3+ 50. Kxf3 Rf1+ 51. Kg2 e2 52. Re5 e1Q 0-1

[Event "Cheliabinsk Lozovatsky Memorial-A"]
[Site "Cheliabinsk"]
[Date "2023.02.05"]
[Round "10"]
[White "Averin, Nikolay"]
[Black "Gitelson, Arkady"]
[Result "0-1"]
[WhiteElo "2323"]
[BlackElo "2146"]
[PlyCount "92"]
[EventDate "2023.01.27"]
[EventType "swiss"]
[EventRounds "10"]
[EventCountry "RUS"]
[SourceTitle "CBM 212 Extra"]
[Source "ChessBase"]
[SourceDate "2023.03.31"]
[SourceVersion "1"]
[SourceVersionDate "2023.03.31"]
[SourceQuality "1"]

1. e4 e5 2. Nf3 Nc6 3. Bb5 a6 4. Ba4 d6 5. 0-0 Bd7 6. c3 g6 7. d4 Bg7 8. dxe5 dxe5 9. Qe2 Qe7 10. b4 Nf6 11. Bc2 0-0 12. a4 Rfd8 13. Bg5 h6 14. Bxf6 Qxf6 15. Nbd2 g5 16. Rfd1 Ne7 17. Ne1 Ng6 18. g3 Bf8 19. Ng2 a5 20. Ne3 axb4 21. cxb4 c6 22. Rab1 Be6 23. Ndc4 Rxd1+ 24. Bxd1 Rd8 25. Na5 Bc8 26. b5 Bc5 27. bxc6 bxc6 28. Rc1 Bxe3 29. Qxe3 Ne7 30. Be2 Rd4 31. Nc4 c5 32. Rb1 Qc6 33. Bd3 Qxa4 34. Nxe5 Qa2 35. Rc1 Qa3 36. Kg2 Be6 37. Qf3 Qxc1 38. Qf6 Rxd3 39. Nxd3 Qc4 40. Qf3 f5 41. Qe3 fxe4 42. Nxc5 Nf5 43. Qa3 Bd5 44. Kg1 e3 45. Qb2 Qxc5 46. Qb8+ Kh7 0-1

[Event "Cheliabinsk Lozovatsky Memorial-A"]
[Site "Cheliabinsk"]
[Date "2023.02.03"]
[Round "8"]
[White "Trukhin, Dmitry"]
[Black "Gitelson, Arkady"]
[Result "0-1"]
[WhiteElo "2059"]
[BlackElo "2146"]
[PlyCount "74"]
[EventDate "2023.01.27"]
[EventType "swiss"]
[EventRounds "10"]
[EventCountry "RUS"]
[SourceTitle "CBM 212 Extra"]
[Source "ChessBase"]
[SourceDate "2023.03.31"]
[SourceVersion "1"]
[SourceVersionDate "2023.03.31"]
[SourceQuality "1"]

1. d4 e6 2. c4 f5 3. Nc3 Nf6 4. h4 Bb4 5. Bg5 h6 6. Bf4 Ne4 7. Qc2 0-0 8. g4 c5 9. f3 cxd4 10. fxe4 dxc3 11. bxc3 fxg4 12. e3 Bc5 13. e5 Qe8 14. Qe4 Qh5 15. Bd3 Qf5 16. Ne2 Qxe4 17. Bxe4 Nc6 18. h5 Na5 19. Rh4 Nxc4 20. Nd4 d6 21. Rxg4 Nxe5 22. Rg2 Ng4 23. Rxg4 e5 24. Rg6 exf4 25. Ke2 Bxd4 26. exd4 Bf5 27. Bd5+ Kh8 28. Rxd6 Bg4+ 29. Kf2 Rae8 30. Re1 Rxe1 31. Kxe1 b6 32. c4 f3 33. Kf2 Re8 34. Bf7 Re2+ 35. Kg1 f2+ 36. Kg2 Bh3+ 37. Kg3 g5 0-1

[Event "Cheliabinsk Lozovatsky Memorial-A"]
[Site "Cheliabinsk"]
[Date "2023.02.02"]
[Round "7"]
[White "Gitelson, Arkady"]
[Black "Odegov, Artem"]
[Result "1/2-1/2"]
[WhiteElo "2146"]
[BlackElo "2286"]
[PlyCount "56"]
[EventDate "2023.01.27"]
[EventType "swiss"]
[EventRounds "10"]
[EventCountry "RUS"]
[SourceTitle "CBM 212 Extra"]
[Source "ChessBase"]
[SourceDate "2023.03.31"]
[SourceVersion "1"]
[SourceVersionDate "2023.03.31"]
[SourceQuality "1"]

1. e4 e6 2. d4 d5 3. exd5 exd5 4. Bd3 Bd6 5. Qf3 c6 6. Ne2 Ne7 7. Nbc3 Nd7 8. Bg5 Nf8 9. Bf4 Ne6 10. Bxd6 Qxd6 11. Qe3 Bd7 12. 0-0 0-0-0 13. f4 g6 14. Rab1 Ng7 15. b4 Nef5 16. Qc1 Rde8 17. b5 c5 18. dxc5 Qxc5+ 19. Kh1 Ne3 20. Na4 Qe7 21. Rf3 Bg4 22. Rf2 Nh5 23. b6 a6 24. Qb2 Bf5 25. Nd4 Ng4 26. Rff1 Be4 27. Qc3+ Kb8 28. Bxe4 dxe4 1/2-1/2